000 00700nam a22002177a 4500
003 DO-SdBNP
005 20240718112049.0
008 171122b1990 cu |||00| 0 spa d
040 _aBPMSU
_bspa
_cBPMSU
082 4 _a792.8
_bC297l 1990
_222
100 1 _aCarpentier, Alejo
_d1904-1980.
245 1 0 _aLetra y solfa :
_bBallet /
_cAlejo Carpentier ; compilacion y prólogo Raimundo Respall Fina.
260 _bLetras Cubanas,
_aLa Habana :
_c1990.
300 _a70 p. ;
_c22 cm.
490 0 _aLetras cubanas
_v2
590 _aInventariado, 25024/VM
650 4 _aHistoria del ballet
700 1 _aRespall Fina, Raimundo,
_eprólogo
910 _aVMateo V. Control de calidad. BPMSU
942 _2ddc
_cBK
999 _c13009
_d13009